000 00862cam a2200217 4500
001 WB3707-31
008 000000n2001 000 0 eng u
035 _a(Sirsi) u110902
245 _aEU plans to reform beef subsidies
260 _c2001
490 _aFinancial Times
_v 13 February 2001, 10(1)
520 _aThe EU has produced a range of reforms for beef subsidies in an attempt to reduce the beef mountain caused by the BSE crisis. The subsidies will be dependent on farmers guaranteeing their animals are raised less intensively. The reforms aim to support livestock farmers while cutting back production.
590 _aWB
650 _aBSE INQUIRY
650 _aEU SUBSIDIES
650 _aLIVESTOCK FARMING
650 _aBEEF INDUSTRY
650 _aBOVINE SPONGIFORM ENCEPHALOPATHY
690 _aRURAL-AGRICULTURE AND FORESTRY
942 _n0
999 _c66103
_d66103